[Event "Viktor Kupreichik Memorial Rapid"]
[Site "Minsk"]
[Date "2019.08.17"]
[Round "9.4"]
[White "Pein, Malcolm"]
[Black "Paravyan, David"]
[Result "1/2-1/2"]
[WhiteElo "2319"]
[BlackElo "2626"]
[PlyCount "94"]
[EventDate "2019.08.15"]
[EventType "swiss"]
[EventRounds "10"]
[EventCountry "BLR"]
[WhiteTeam "Àíãëèÿ"]
[BlackTeam "Ðîññèÿ"]
[WhiteTeamCountry "ENG"]
[BlackTeamCountry "RUS"]

1. Nf3 Nf6 2. d4 g6 3. c4 Bg7 4. Nc3 d5 5. cxd5 Nxd5 6. e4 Nxc3 7. bxc3 c5 8.
Be3 Qa5 9. Qd2 Nc6 10. Rc1 cxd4 11. cxd4 Qxd2+ 12. Kxd2 O-O 13. d5 Rd8 14. Ke1
Na5 15. Bd3 b6 16. Ke2 e6 17. dxe6 Bxe6 18. Rc2 Rac8 19. Rhc1 Rxc2+ 20. Rxc2
Rc8 21. Rxc8+ Bxc8 22. Nd4 a6 23. Nb3 Nxb3 24. axb3 b5 25. Bc5 Be5 26. g3 g5
27. f3 Bc3 28. Ke3 Be6 29. b4 f6 30. f4 h6 31. Bd4 Bxb4 32. Bxf6 Bd7 33. f5 a5
34. Bd4 a4 35. e5 a3 36. e6 Bc6 37. Be4 Bxe4 38. Kxe4 a2 39. f6 Ba3 40. Kf5 Kf8
41. f7 Bd6 42. Kg6 Ke7 43. Kf5 Kf8 44. Bf6 Be7 45. Be5 Bc5 46. Bf6 Be7 47. Ba1
Bd6 1/2-1/2

[Event "Viktor Kupreichik Memorial Rapid"]
[Site "chess24.com"]
[Date "2019.08.17"]
[Round "10.2"]
[White "Vaganian, Rafael A"]
[Black "Tiviakov, Sergei"]
[Result "1/2-1/2"]
[WhiteElo "2502"]
[BlackElo "2666"]
[PlyCount "62"]
[EventDate "2019.??.??"]
[WhiteTeam "Àðìåíèÿ"]
[BlackTeam "Íèäåðëàíäû"]
[WhiteTeamCountry "ARM"]
[BlackTeamCountry "NED"]

1. d4 Nf6 2. Nf3 e6 3. e3 b6 4. Bd3 Bb7 5. O-O d5 6. b3 Bd6 7. Bb2 Nbd7 8. Ne5
O-O 9. Qe2 Qe7 10. c4 c5 11. Nxd7 Nxd7 12. cxd5 exd5 13. Nd2 Nf6 14. Rfd1 Rfd8
15. Nf1 Ne4 16. Ng3 Nxg3 17. hxg3 Qe6 18. Rac1 Bf8 19. Rc2 Rac8 20. Rdc1 Rc7
21. Qf3 g6 22. dxc5 bxc5 23. Qf6 Qxf6 24. Bxf6 Rdc8 25. Be2 Bg7 26. Bxg7 Kxg7
27. Bf3 a5 28. a4 h5 29. Rd2 Rd8 30. Rcd1 Rcd7 31. Rc1 Rc7 1/2-1/2

[Event "Viktor Kupreichik Memorial Rapid"]
[Site "chess24.com"]
[Date "2019.08.17"]
[Round "10.17"]
[White "Kalinin, Dmitry"]
[Black "Zvereva, Margarita"]
[Result "0-1"]
[WhiteElo "2045"]
[BlackElo "1776"]
[PlyCount "89"]
[EventDate "2019.??.??"]
[WhiteTeam "Áåëîðóññèÿ"]
[BlackTeam "Ðîññèÿ"]
[WhiteTeamCountry "BLR"]
[BlackTeamCountry "RUS"]

1. d4 d5 2. c4 e6 3. Nc3 Nf6 4. cxd5 exd5 5. Qc2 Be7 6. Bf4 c6 7. e3 Nbd7 8. h3
Nf8 9. Bd3 Ng6 10. Bg5 Nd7 11. Bxe7 Qxe7 12. Nge2 Qg5 13. g3 Nf6 14. O-O-O Bd7
15. h4 Qh5 16. Nf4 Nxf4 17. gxf4 g6 18. Qb3 b6 19. Qa3 Qg4 20. f5 gxf5 21. Qd6
Qg6 22. h5 Qh6 23. Bxf5 O-O-O 24. Qxc6+ Kb8 25. Qd6+ Kb7 26. Bd3 Bg4 27. Qa3
Bxd1 28. Ba6+ Kb8 29. Rxd1 Ne4 30. Qe7 Qc6 31. Bb5 Qc7 32. Qxc7+ Kxc7 33. Nxe4
dxe4 34. Kd2 Rd5 35. Be2 Rf5 36. Rc1+ Kd6 37. Ke1 Rg8 38. Kf1 Rfg5 39. Ke1 Rg1+
40. Bf1 Rh1 41. d5 Kxd5 42. Kd2 Kd6 43. Bc4 Rxc1 44. Kxc1 Rc8 45. Kd2 0-1